[Event "Toronto NAYCC U12"]
[Site "Toronto"]
[Date "2013.08.15"]
[Round "3"]
[White "Pierre, Dashwood"]
[Black "Hou, Frank Gui"]
[Result "0-1"]
[WhiteElo "886"]
[BlackElo "987"]
[PlyCount "78"]
[EventDate "2013.08.14"]
[EventType "swiss"]
[EventRounds "9"]
[EventCountry "CAN"]
[SourceTitle "EXT 2022"]
[Source "ChessBase"]
[SourceDate "2021.10.06"]
[SourceVersion "1"]
[SourceVersionDate "2021.10.06"]
[SourceQuality "1"]

1. e4 e5 2. Nf3 Nc6 3. Bc4 Bc5 4. Nc3 Nf6 5. d3 h6 6. Na4 Be7 7. Be3 a6 8. 0-0 b5 9. Nc3 bxc4 10. dxc4 d6 11. h3 Be6 12. b3 Qb8 13. Rb1 0-0 14. Na4 Nxe4 15. Qe1 Nb4 16. Bd2 Nxd2 17. Nxd2 Nxc2 18. Qc1 Nd4 19. Re1 Bg5 20. Qb2 Qb4 21. Ne4 Bf5 22. f3 c6 23. a3 Qa5 24. Nac3 d5 25. b4 Qd8 26. cxd5 cxd5 27. Rbd1 dxe4 28. fxe4 Bg6 29. g4 Qb6 30. Nd5 Qa7 31. a4 Nf3+ 32. Kf1 Nxe1 33. Rxe1 Bh4 34. Re3 Rad8 35. b5 Rxd5 36. exd5 Qxe3 37. bxa6 Qe1+ 38. Kg2 Be4+ 39. Kh2 Qg3# 0-1

[Event "Toronto NAYCC U12"]
[Site "Toronto"]
[Date "2013.08.14"]
[Round "1"]
[White "Fan, Run Kun"]
[Black "Pierre, Dashwood"]
[Result "1-0"]
[WhiteElo "1568"]
[BlackElo "886"]
[PlyCount "109"]
[EventDate "2013.08.14"]
[EventType "swiss"]
[EventRounds "9"]
[EventCountry "CAN"]
[SourceTitle "EXT 2022"]
[Source "ChessBase"]
[SourceDate "2021.10.06"]
[SourceVersion "1"]
[SourceVersionDate "2021.10.06"]
[SourceQuality "1"]

1. e4 e5 2. Nf3 Nc6 3. Bb5 Bc5 4. 0-0 d6 5. d4 Bg4 6. dxc5 Nf6 7. Bg5 a6 8. Bxc6+ bxc6 9. Nc3 h6 10. Bh4 0-0 11. cxd6 cxd6 12. h3 Bxf3 13. Qxf3 Rb8 14. Bxf6 Qxf6 15. Qxf6 gxf6 16. b3 Kh8 17. Rad1 Rg8 18. Rxd6 Rbc8 19. Rfd1 Rg6 20. Rd7 Rcg8 21. g3 R8g7 22. Rd8+ Rg8 23. Rxg8+ Rxg8 24. Rd6 Rc8 25. Kf1 h5 26. Rxf6 Kg8 27. Rh6 Kg7 28. Rxh5 Kg6 29. Rf5 f6 30. Rf3 Rh8 31. h4 Kh5 32. Rxf6 Rc8 33. Rf5+ Kg6 34. Rxe5 Kf6 35. Rf5+ Ke6 36. f4 Rg8 37. Rg5 Rc8 38. Ke2 Rd8 39. Ke3 Rd7 40. h5 Rd8 41. h6 Rh8 42. Rh5 Kf6 43. g4 Kg6 44. f5+ Kf6 45. g5+ Kf7 46. g6+ Kf8 47. f6 Ke8 48. h7 Kd7 49. e5 Kc7 50. e6 Kd8 51. e7+ Ke8 52. Nd5 cxd5 53. Rxd5 Rf8 54. h8R Rxh8 55. Rd8# 1-0